[Event "Muensterland Verbandsklasse 1617"]
[Site "Germany"]
[Date "2017.03.25"]
[Round "8.1"]
[White "Jensen, Soeren"]
[Black "Wetterau, Georg"]
[Result "0-1"]
[WhiteElo "1875"]
[BlackElo "1832"]
[PlyCount "54"]
[EventDate "2016.09.24"]
[EventType "team"]
[EventRounds "9"]
[EventCountry "GER"]
[SourceTitle "EXT 2018"]
[Source "ChessBase"]
[SourceDate "2017.10.13"]
[SourceVersion "1"]
[SourceVersionDate "2017.10.13"]
[SourceQuality "1"]
[WhiteTeam "Muenster SK V"]
[BlackTeam "Nordwalde"]
[WhiteTeamCountry "GER"]
[BlackTeamCountry "GER"]

1. e4 e5 2. Nf3 Nc6 3. Bc4 Nf6 4. d4 exd4 5. 0-0 Bc5 6. Bg5 d6 7. Bb5 h6 8. Bxf6 Qxf6 9. e5 dxe5 10. Nxe5 0-0 11. Nxc6 bxc6 12. Bd3 Bf5 13. Nd2 Bxd3 14. cxd3 Qg6 15. Ne4 Be7 16. Rc1 Rab8 17. Qa4 Rxb2 18. Rxc6 Rb4 19. Qc2 Bd6 20. Nxd6 cxd6 21. Ra6 Rfb8 22. Rxa7 Rb2 23. Qc4 Rb1 24. g3 Rxf1+ 25. Kxf1 Qf6 26. Rb7 Re8 27. a4 Qf3 0-1

[Event "IECG WC.2005.F.00008 email"]
[Site "IECG email"]
[Date "2006.06.05"]
[Round "?"]
[White "Jensen, Soeren"]
[Black "Wisham, Clyde"]
[Result "0-1"]
[WhiteElo "1881"]
[BlackElo "1707"]
[PlyCount "76"]
[EventDate "2006.06.05"]
[EventType "tourn (corr)"]
[EventRounds "14"]
[SourceTitle "Corr 2008"]
[Source "ChessBase"]
[SourceDate "2008.06.24"]
[SourceVersion "1"]
[SourceVersionDate "2008.06.24"]
[SourceQuality "1"]

1. Nc3 d5 2. e4 d4 3. Nce2 e5 4. Ng3 Bd6 5. Bc4 Nf6 6. Nf3 0-0 7. 0-0 c5 8. d3 Nc6 9. a4 Be6 10. Bxe6 fxe6 11. Nd2 Rf7 12. Nc4 Qd7 13. Nh5 h6 14. b3 Bc7 15. Bd2 Raf8 16. Nxf6+ Rxf6 17. f3 Qf7 18. a5 Bd8 19. Qe2 Qg6 20. Kh1 R6f7 21. Qf2 Be7 22. Ra4 Qh5 23. Qg3 Rf6 24. Rb1 Rg6 25. Qf2 Bh4 26. Qe2 Bg3 27. h3 Qh4 28. Rf1 Bf4 29. Rf2 Rg3 30. Bxf4 Qxf4 31. Ra1 Rf7 32. Qd2 Qh4 33. Qe2 a6 34. Qd2 Rf6 35. Raf1 Rfg6 36. Qe1 R6g5 37. Qe2 Rh5 38. Rd1 Ne7 0-1

[Event "IECG CB.2005.0.00148 email"]
[Site "IECG email"]
[Date "2005.12.18"]
[Round "?"]
[White "Ariston, Irwan"]
[Black "Jensen, Soeren"]
[Result "0-1"]
[WhiteElo "1852"]
[BlackElo "1895"]
[PlyCount "48"]
[EventDate "2005.12.18"]
[EventType "tourn (corr)"]
[EventRounds "6"]
[SourceTitle "Corr 2008"]
[Source "ChessBase"]
[SourceDate "2008.06.24"]
[SourceVersion "1"]
[SourceVersionDate "2008.06.24"]
[SourceQuality "1"]

1. g4 d5 2. Bg2 c6 3. h3 e5 4. e4 Ne7 5. exd5 Nxd5 6. d3 Bd6 7. Ne2 0-0 8. 0-0 Be6 9. Ng3 Nd7 10. Ne4 Be7 11. c4 Nf4 12. Bxf4 exf4 13. Qe2 Ne5 14. Rd1 Qd4 15. Nbc3 Bh4 16. Bf1 Rad8 17. Rac1 Rfe8 18. b3 f5 19. gxf5 Bxf5 20. Kh1 Bxe4+ 21. Nxe4 Re6 22. Rc2 Rh6 23. Nc3 f3 24. Qe3 Qxe3 0-1

[Event "IECG CB.2005.0.00148 email"]
[Site "IECG email"]
[Date "2005.12.18"]
[Round "?"]
[White "Burns, Stephen F"]
[Black "Jensen, Soeren"]
[Result "1/2-1/2"]
[WhiteElo "1917"]
[BlackElo "1895"]
[PlyCount "47"]
[EventDate "2005.12.18"]
[EventType "tourn (corr)"]
[EventRounds "6"]
[SourceTitle "Corr 2008"]
[Source "ChessBase"]
[SourceDate "2008.06.24"]
[SourceVersion "1"]
[SourceVersionDate "2008.06.24"]
[SourceQuality "1"]

1. e4 Nc6 2. d4 d5 3. e5 Bf5 4. Nf3 e6 5. Be2 f6 6. Bf4 Nb4 7. Na3 c5 8. c3 Nc6 9. 0-0 cxd4 10. cxd4 Bxa3 11. bxa3 Nge7 12. exf6 gxf6 13. Re1 Ng6 14. Bg3 0-0 15. Qb3 Rf7 16. Bb5 Rc8 17. Rac1 Nge7 18. Ba4 Be4 19. Qxb7 Bxf3 20. Bxc6 Nxc6 21. Qa6 Qd7 22. gxf3 Kg7 23. Kg2 Qb7 24. Qa4 1/2-1/2

[Event "IECG CB.2005.0.00148 email"]
[Site "IECG email"]
[Date "2005.12.18"]
[Round "?"]
[White "Jensen, Soeren"]
[Black "Guaimare Rodriguez, Carlos Luis"]
[Result "1-0"]
[WhiteElo "1895"]
[BlackElo "1800"]
[PlyCount "49"]
[EventDate "2005.12.18"]
[EventType "tourn (corr)"]
[EventRounds "6"]
[SourceTitle "Corr 2008"]
[Source "ChessBase"]
[SourceDate "2008.06.24"]
[SourceVersion "1"]
[SourceVersionDate "2008.06.24"]
[SourceQuality "1"]

1. Nc3 d5 2. e4 dxe4 3. Nxe4 e5 4. Bc4 Nc6 5. d3 Be7 6. Nf3 Nf6 7. Nfg5 0-0 8. Nxf7 Rxf7 9. Ng5 Nd5 10. Nxf7 Kxf7 11. Qf3+ Ke6 12. 0-0 Nd4 13. Qe4 b5 14. Bf4 bxc4 15. Bxe5 Nf6 16. Bxf6+ Kxf6 17. Qxa8 Nxc2 18. Rad1 cxd3 19. Qc6+ Kf7 20. Qf3+ Kg8 21. Rxd3 Nd4 22. Qe4 c5 23. Re1 Bf8 24. b4 Ba6 25. Rxd4 1-0

[Event "IECG CP.2005.P.00102"]
[Site "IECG email"]
[Date "2005.10.01"]
[Round "?"]
[White "Jensen, Soeren"]
[Black "Marcotulli, Giancarlo"]
[Result "0-1"]
[WhiteElo "1903"]
[BlackElo "2209"]
[PlyCount "76"]
[EventDate "2005.10.01"]
[EventType "tourn (corr)"]
[EventRounds "6"]
[SourceTitle "Corr 2008"]
[Source "ChessBase"]
[SourceDate "2008.06.24"]
[SourceVersion "1"]
[SourceVersionDate "2008.06.24"]
[SourceQuality "1"]

1. Nc3 c5 2. Nf3 Nc6 3. g3 g6 4. Bg2 Bg7 5. 0-0 Nf6 6. d3 d5 7. Bd2 0-0 8. Qc1 e5 9. Bh6 Be6 10. Bxg7 Kxg7 11. Nd2 Rc8 12. e4 d4 13. Ne2 Qd7 14. b3 b6 15. f3 h5 16. h4 b5 17. Kh2 a6 18. Rf2 Ne8 19. Ng1 Nd6 20. Nh3 f6 21. Qd1 c4 22. Nf1 a5 23. a3 a4 24. b4 Rc7 25. Ng1 Qe7 26. Bh3 f5 27. exf5 gxf5 28. f4 e4 29. Qxh5 Bf7 30. Qd1 e3 31. Rg2 Rg8 32. Nf3 Qf6 33. Ng5 cxd3 34. cxd3 Bb3 35. Qf3 Ne7 36. Rb2 Rc3 37. Qe2 Rgc8 38. Kg1 Bc2 0-1

[Event "IECG CP.2005.P.00102"]
[Site "IECG email"]
[Date "2005.10.01"]
[Round "?"]
[White "Tavecchia, Mario"]
[Black "Jensen, Soeren"]
[Result "1-0"]
[WhiteElo "2062"]
[BlackElo "1903"]
[PlyCount "95"]
[EventDate "2005.10.01"]
[EventType "tourn (corr)"]
[EventRounds "6"]
[SourceTitle "Corr 2008"]
[Source "ChessBase"]
[SourceDate "2008.06.24"]
[SourceVersion "1"]
[SourceVersionDate "2008.06.24"]
[SourceQuality "1"]

1. d4 Nc6 2. Nf3 d5 3. g3 Bg4 4. Bg2 Qd7 5. h3 Bxf3 6. exf3 0-0-0 7. f4 h5 8. h4 e6 9. c3 Nge7 10. Nd2 Nf5 11. b4 Nce7 12. a4 Kb8 13. b5 Nc8 14. Qb3 Ncd6 15. Bb2 f6 16. c4 Nxc4 17. Nxc4 dxc4 18. Qxc4 g5 19. hxg5 fxg5 20. fxg5 Bg7 21. 0-0-0 Nxd4 22. Bh3 h4 23. gxh4 Rxh4 24. Bxe6 Qe7 25. Rxh4 Qxg5+ 26. Kb1 Qxh4 27. Rd2 Bf6 28. Bf7 Rd6 29. Ka2 Nxb5 30. Qxh4 Bxh4 31. Re2 Nd4 32. Re8+ Bd8 33. Ba3 Rd7 34. f4 c6 35. Bg6 Kc7 36. f5 b6 37. Bc1 Rd5 38. Bf4+ Kd7 39. Rf8 Ra5 40. Rf7+ Kc8 41. f6 Rxa4+ 42. Kb2 Ne6 43. Bh2 Ra5 44. Bd3 Ng5 45. Rf8 Kd7 46. Bf4 Rd5 47. Be2 Ne6 48. Bg4 1-0

[Event "IECG CB.2005.0.00141 email"]
[Site "IECG email"]
[Date "2005.07.19"]
[Round "?"]
[White "Johansen, Toralf"]
[Black "Jensen, Soeren"]
[Result "1-0"]
[WhiteElo "1830"]
[BlackElo "1892"]
[PlyCount "43"]
[EventDate "2005.07.19"]
[EventType "tourn (corr)"]
[EventRounds "6"]
[SourceTitle "Corr 2008"]
[Source "ChessBase"]
[SourceDate "2008.06.24"]
[SourceVersion "1"]
[SourceVersionDate "2008.06.24"]
[SourceQuality "1"]

1. e4 Nc6 2. d4 d5 3. e5 Bf5 4. Nf3 e6 5. Bd3 Bxd3 6. Qxd3 Nb4 7. Qe2 c5 8. dxc5 Nc6 9. Be3 d4 10. Bg5 Qd5 11. 0-0 h6 12. Bf4 g5 13. Bg3 0-0-0 14. Rd1 Qxc5 15. Nbd2 Qxc2 16. Rac1 Qxb2 17. Qe4 Rd5 18. Nc4 Qxa2 19. Nxd4 Nge7 20. Rd2 Qa6 21. Nxc6 bxc6 22. Qe2 1-0

[Event "IECG CP.2004.P.00062 email"]
[Site "IECG email"]
[Date "2004.10.01"]
[Round "?"]
[White "Jensen, Soeren"]
[Black "Andersen, Lars Kirstein"]
[Result "1-0"]
[WhiteElo "1887"]
[BlackElo "2148"]
[PlyCount "45"]
[EventDate "2004.10.01"]
[EventType "tourn (corr)"]
[EventRounds "6"]
[SourceTitle "Corr 2011"]
[Source "ChessBase"]
[SourceDate "2010.08.31"]
[SourceVersion "1"]
[SourceVersionDate "2010.08.31"]
[SourceQuality "1"]

1. e4 c5 2. Nf3 d6 3. d4 cxd4 4. Nxd4 Nf6 5. Nc3 a6 6. f3 e6 7. Be3 b5 8. g4 h6 9. Qd2 Bb7 10. h4 b4 11. Nce2 d5 12. e5 Nfd7 13. f4 Nc5 14. Bg2 Nbd7 15. 0-0-0 Be7 16. g5 h5 17. f5 Nxe5 18. Nf4 Nc4 19. Qe2 Qa5 20. Kb1 Nxb2 21. fxe6 Nxd1 22. exf7+ Kxf7 23. Rxd1 1-0

[Event "IECG CP.2004.P.00062 email"]
[Site "IECG email"]
[Date "2004.10.01"]
[Round "?"]
[White "Topot, Iwan"]
[Black "Jensen, Soeren"]
[Result "1/2-1/2"]
[WhiteElo "1480"]
[BlackElo "1887"]
[PlyCount "71"]
[EventDate "2004.10.01"]
[EventType "tourn (corr)"]
[EventRounds "6"]
[SourceTitle "Corr 2011"]
[Source "ChessBase"]
[SourceDate "2010.08.31"]
[SourceVersion "1"]
[SourceVersionDate "2010.08.31"]
[SourceQuality "1"]

1. e4 Nc6 2. Nc3 e6 3. Nf3 Bb4 4. a3 Bxc3 5. bxc3 d6 6. d4 Nge7 7. Rb1 0-0 8. Bd3 e5 9. h3 Ng6 10. Bg5 Nce7 11. Qd2 b6 12. 0-0 f6 13. Be3 Kh8 14. h4 Ng8 15. h5 N6e7 16. Nh4 Qe8 17. Be2 Bb7 18. Qd3 d5 19. exd5 Nxd5 20. Bd2 Rd8 21. Rfe1 Qa4 22. Qh3 Nde7 23. Bd3 e4 24. Rb4 Qe8 25. Bxe4 Bxe4 26. Rxe4 Qxh5 27. Rb1 g5 28. Qf3 Qf7 29. Nf5 Nxf5 30. Qxf5 Qa2 31. Ree1 Rde8 32. Red1 Qe6 33. Qxe6 Rxe6 34. c4 Rd8 35. Be3 Ne7 36. d5 1/2-1/2